| 000 | 00775cab a2200193 4500 | ||
|---|---|---|---|
| 001 | ABS42429 | ||
| 008 | 090401t1990 xxu||||| |||| 00| 0 eng d | ||
| 035 | _a(Sirsi) u36741 | ||
| 041 | _aeng | ||
| 100 | _aExall, G. | ||
| 245 | _aSquashing commercial squatters | ||
| 260 | _c1990 | ||
| 350 | _a0 | ||
| 490 |
_aEstates Gazette _v(9010) 10 March 1990, 60-88(2) |
||
| 520 | _aDiscusses the increase in commercial squatting where squatters break into empty commercial premises making vast profits by operating rent free shops for several weeks. The article suggests that the only way to prevent this is the aggressive use of court procedures in addition to obtaining an order for possession . | ||
| 690 | _aPROPERTY LAW AND PRACTICE | ||
| 942 | _n0 | ||
| 948 | _c04/03/1997 | ||
| 999 |
_c23782 _d23782 |
||